000 00735nam a22002297a 4500
003 OSt
005 20230921105725.0
008 221006b |||||||| |||| 00| 0 eng d
040 _cBiblioteca Lado V
082 _a708
_bA858a
100 _91082
_aAstorga, Marcela
_eautor
245 _aAlgo huele a podrido/
260 _bEspacio Giesso Reich
_c1998
_aArgentina
300 _c21x29cm
_a9p.
366 _espa
505 _tPresentación
650 _2Tesauro de Arte & Arquitectura
_aARTE
_9703
650 _2Tesauro de Arte & Arquitectura
_aESTRUCTURA
_9702
650 _2Tesauro de Arte & Arquitectura
_aESCULTURA
_9702
650 _2Tesauro de Arte & Arquitectura
_aPINTURA
942 _2ddc
_c1
_h708
_iA858a
_n0
999 _c4365
_d4365